Southville International School and Colleges
Your cart is empty.
  • Cart
  • Lists
    Public lists Eva Luna New books Lux_list list_1
    Your lists Log in to create your own lists
  • Log in to your account
  • Your cookies
  • Search history
Southville International School and Colleges
  • Advanced search
  • Recent comments
  • Most popular
  • Libraries

Log in to your account

Log in with GOOGLE


If you do not have an external account, but do have a local account, you can still log in:

  1. Home
  2. MARC view: The new girl /
Normal view MARC view ISBD view

The new girl / (Record no. 35082)

[ view plain ]
MARC details
000 -LEADER
fixed length control field 00587nam a22002177a 4500
003 - CONTROL NUMBER IDENTIFIER
control field OSt
005 - DATE AND TIME OF LATEST TRANSACTION
control field 20140310184524.0
008 - FIXED-LENGTH DATA ELEMENTS--GENERAL INFORMATION
fixed length control field 131018t xxu||||| |||| 00| 0 eng d
020 ## - INTERNATIONAL STANDARD BOOK NUMBER
International Standard Book Number 9780545040426
050 ## - LIBRARY OF CONGRESS CALL NUMBER
Classification number PZ 7
Item number .C11165New 2009
100 ## - MAIN ENTRY--PERSONAL NAME
Personal name Cabot, Meg.
9 (RLIN) 24286
245 ## - TITLE STATEMENT
Title The new girl /
Statement of responsibility, etc Meg Cabot.
260 ## - PUBLICATION, DISTRIBUTION, ETC. (IMPRINT)
Place of publication, distribution, etc New York :
Name of publisher, distributor, etc Scholastic Inc.,
Date of publication, distribution, etc 2009.
300 ## - PHYSICAL DESCRIPTION
Extent 222 p. :
Accompanying material 20 cm.
490 ## - SERIES STATEMENT
Series statement Allie Finkle's rules for girls
Volume number/sequential designation bk. 2
521 ## - TARGET AUDIENCE NOTE
Target audience note
526 ## - STUDY PROGRAM INFORMATION NOTE
Reading level 860
650 ## - SUBJECT ADDED ENTRY--TOPICAL TERM
Topical term or geographic name as entry element Fiction
General subdivision Juvenile literature.
9 (RLIN) 30349
942 ## - ADDED ENTRY ELEMENTS (KOHA)
Source of classification or shelving scheme Library of Congress Classification
Koha item type
Holdings
Withdrawn status Lost status Source of classification or shelving scheme Damaged status Home library Current library Shelving location Date acquired Total Checkouts Full call number Barcode Date last seen Copy number Price effective from Koha item type Source of acquisition Public note
    Library of Congress Classification   Luxembourg Library Luxembourg Library Scholastic Reading Center Section 10/18/2013   PZ 7 .C11165New 2009 SCHO0299 04/18/2017 1 10/18/2013 Books    
Withdrawn   Library of Congress Classification   Luxembourg Library Luxembourg Library Scholastic Reading Center Section 11/11/2013   PZ 7 .C11165New 2009 LEX1351 01/09/2020 2 11/11/2013 Books Donation Lost and Replaced with new barcode: LEX3204 (Inventory AY 18-19)
    Library of Congress Classification   Luxembourg Library Luxembourg Library Scholastic Reading Center Section 11/11/2013   PZ 7 .C11165New 2009 LEX1020 04/18/2017 3 11/11/2013 Books    

The new girl /

APA

Cabot M., . (2009). The new girl. New York: Scholastic Inc.

Chicago

Cabot Meg, . 2009. The new girl. New York: Scholastic Inc.

Harvard

Cabot M., . (2009). The new girl. New York: Scholastic Inc.

MLA

Cabot Meg, . The new girl. New York: Scholastic Inc. 2009.

  • Place hold
  • Print
  • Cite
  • Add to your cart (remove)
  • Save record
    BIBTEX Dublin Core MARCXML MARC (non-Unicode/MARC-8) MARC (Unicode/UTF-8) MARC (Unicode/UTF-8, Standard) MODS (XML) RIS
  • More searches
    Search for this title in:
    Other Libraries (WorldCat) Other Databases (Google Scholar) Online Stores (Bookfinder.com) Open Library (openlibrary.org)

Exporting to Dublin Core...

SOUTHVILLE LIBRARY

Southville International School and Colleges Library

1281 Tropical Ave. Cor. Luxembourg St., BF Homes International, Las Pinas City

Tel. No. 8256374 / 252358 Loc. 117/146

Powered by Koha